Normal view
MARC view
Entry Personal Name
001 - CONTROL NUMBER
- control field: 337
003 - CONTROL NUMBER IDENTIFIER
- control field: ARRUPE
005 - DATE AND TIME OF LATEST TRANSACTION
- control field: 20130917143310.0
008 - FIXED-LENGTH DATA ELEMENTS
- fixed length control field: 130917|| aca||aabn | a|a d
040 ## - CATALOGING SOURCE
- Original cataloging agency: ARRUPE
- Transcribing agency: ARRUPE
100 ## - HEADING--PERSONAL NAME
- Personal name: Rousseau, Jean-Jacques,
- Dates associated with a name: 1712-1778.
670 ## - SOURCE DATA FOUND
- Source citation: Work cat.: (ARRUPE)0: Rousseau, Jean-Jacques, 1712-1778., The reveries of the solitary walker /, 1982, c1979.